| 000 | 00331nam a2200133Ia 4500 | ||
|---|---|---|---|
| 008 | 210210b1995 xxu||||| |||| 00| 0 eng d | ||
| 082 | _a576 SCHG | ||
| 100 | _aSCHLEGEL (Hans G). | ||
| 245 | _aGeneral microbiology | ||
| 260 |
_aCambridge. _bNot Mentioned _c1995 |
||
| 300 | _axvii,655 | ||
| 690 | _aMicrobiology | ||
| 906 | _a055226 | ||
| 999 |
_c103243 _d103243 |
||